Представление документа в формате RUSMARC

ПолеНазваниеЗначение
  Тип записи a
  Библиографический уровень m
001 Контрольный номер RU/REG73/CBS_GRAD/780a50aa47eb47eba52a304c980f203d
005 Дата корректировки 20260320114701.6
010 Индекс ISBN __
a ISBN 5-88590-828-1
b Уточнения в пер.
9 Тираж 15000 экз.
100 Данные общей обработки __
a Данные общей обработки 20260320d1999 de y0rusy0189## ca
101 Язык документа 0_
a Язык текста rus
102 Страна публикации __
a Страна публикации RU
105 Кодированные данные (монография) __
a Кодированные данные (монография) a z 000yy
200 Заглавие и сведения об ответственности 1_
a Заглавие Спаситель Отечества
e Сведения, относящиеся к заглавию Жизнеописание М. И. Голенищева-Кутузова
f Первые сведения об ответственности Ирина Анатольевна Андрианова
g Последующие сведения об ответственности художники Ю. Каштанова, Д. Гаврилов
203 Вид содержания и тип средства __
a Вид содержания Текст
b Характеристика содержания визуальный
c Тип средства непосредственный
210 Выходные данные 1_
a Место издания Москва
c Издательство Олимп
210 Выходные данные 1_
a Место издания Смоленск
c Издательство Русич
d Дата издания 1999
215 Физическое описание __
a Объем 304 с.
c Иллюстрации/тип воспроизводства ил.; цв. ил.; гравюры
d Формат 22 см
225 Серия 1_
a Серия Портреты великих
600 Персоналии _1
a Персоналии (Фамилия) Голенищев-Кутузов
g Полное имя Михаил Илларионович
z Хронологический подзаголовок 16.09.1747-28.04.1813
606 Тематические рубрики 0_
3 Контрольный № нормативной записи
a Основная рубрика Российская империя первой половины 19 в.
610 Ключевые слова 0_
a Ключевые слова Отечественная война 1812 г.
610 Ключевые слова 0_
a Ключевые слова русские полководцы
610 Ключевые слова 0_
a Ключевые слова разгром Наполеона
610 Ключевые слова 0_
a Ключевые слова М. И. Кутузов
610 Ключевые слова 0_
a Ключевые слова защитники России
686 Индексы других классификаций __
a Классификационный индекс 63.3(2)47
2 Код системы rubbk
700 Автор _1
a Фамилия Андрианова
b Имя (инициалы) И. А.
g Полное личное имя Ирина Анатольевна
702 Вторичная интеллектуальная ответственность _1
a Фамилия Каштанов
b Имя (инициалы) Ю. Е.
g Полное личное имя Юрий Евгеньевич
4 Код отношения 040
702 Вторичная интеллектуальная ответственность _1
a Фамилия Гаврилов
b Имя (инициалы) Д. И.
4 Код отношения 040
801 Источник записи _0
a Страна RU
b Организация RuCBSGrad
c Дата составления 20260320
g Правила каталогизации RCR
801 Источник записи _1
a Страна RU
b Организация RuCBSGrad
c Дата составления 20260320
g Правила каталогизации RCR
852 Данные о местонахождении __
a Наименование организации МБУК "ЦБС г.Димитровграда"
i Авторский знак А 65
z Тип записи R
901 Тип документа __
t Тип документа m
909 Создатель записи __
a Создатель записи Гонюкова
b Дата создания записи 20260320